Cómo organizar eventos con éxito (Registro nro. 7231)
[ vista simple ]
| 000 -CABECERA | |
|---|---|
| campo de control de longitud fija | 01250nam a22004217a 4500 |
| 005 - FECHA Y HORA DE ACTUALIZACIÓN | |
| campo de control | 20170214151739.0 |
| 008 - LONGITUD FIJA | |
| campo de control de longitud fija | 150929b xxu||||| |||| 00| 0 spa d |
| 041 ## - IDIOMA | |
| Código de idioma del texto/pista de sonido o título separado | |
| 082 ## - CLASIFICACIÓN DECIMAL DEWEY | |
| Número de clasificación | 1.0.40 J61c2 |
| 100 ## - AUTOR PERSONAL | |
| Nombre de persona | Jijena Sánchez, Rosario |
| 245 ## - TÍTULO PROPIAMENTE DICHO | |
| Título | Cómo organizar eventos con éxito |
| 250 ## - EDICIÓN | |
| Mención de edición | 2 edición |
| 260 ## - PIE DE IMPRENTA | |
| Lugar de publicación, distribución, etc. | Argentina |
| 260 ## - PIE DE IMPRENTA | |
| Nombre del editor, distribuidor, etc. | Ugerman Editor |
| 260 ## - PIE DE IMPRENTA | |
| Fecha de publicación, distribución, etc. | 2014 |
| 300 ## - DESCRIPCIÓN FÍSICA | |
| Extensión | 333 páginas |
| 650 ## - Materia General | |
| Materia general | EVENTOS ESPECIALES |
| 650 ## - Materia General | |
| Materia general | ORGANIZACIÓN DE EVENTOS |
| 650 ## - Materia General | |
| Materia general | TIPOS DE EVENTO |
| 650 ## - Materia General | |
| Materia general | PLANIFICACIÓN DE EVENTOS |
| 650 ## - Materia General | |
| Materia general | INFRAESTRUCTURA |
| 650 ## - Materia General | |
| Materia general | AMBIENTACIÓN |
| 650 ## - Materia General | |
| Materia general | RECURSOS TÉCNICOS |
| 650 ## - Materia General | |
| Materia general | RECURSOS HUMANOS |
| 650 ## - Materia General | |
| Materia general | ADMINISTRACIÓN |
| 650 ## - Materia General | |
| Materia general | COMERCIALIZACIÓN |
| 650 ## - Materia General | |
| Materia general | MARKETING PROMOCIONAL |
| 650 ## - Materia General | |
| Materia general | CONGRESOS |
| 650 ## - Materia General | |
| Materia general | FERIAS |
| 650 ## - Materia General | |
| Materia general | EXPOSICIONES |
| 650 ## - Materia General | |
| Materia general | DESFILES DE MODA |
| 650 ## - Materia General | |
| Materia general | EVENTOS DEPORTIVOS |
| 650 ## - Materia General | |
| Materia general | ORGANIZACIÓN DE ACTOS ACADÉMICOS |
| 650 ## - Materia General | |
| Materia general | EVENTOS INFANTILES |
| 650 ## - Materia General | |
| Materia general | EVENTOS ESPECIALES |
| 650 ## - Materia General | |
| Materia general | PRODUCCION DE ESPECTÁCULOS |
| 942 ## - Punto de Acceso Adicional Koha | |
| Tipo de ítem Koha | Libro |
| Estado perdido | Fuente de clasificación o esquema de estantería | Estado dañado | No para préstamo | Biblioteca permanente | Biblioteca actual | Signatura completa | Código de barras | Precio efectivo a partir del | Tipo de ítem |
|---|---|---|---|---|---|---|---|---|---|
| Dewey Decimal Classification | Departamento de Biblioteca y Documentación Alfonso Chase Brenes | Departamento de Biblioteca y Documentación Alfonso Chase Brenes | 1.0.40 J61c2 | 19621 | 20/04/2016 | Libro |